Statistiques concernant Mardi

Cliquez ici pour prendre le quiz!

Statistiques générales

  • Ce quiz a été pris 71 fois
  • Le résultat moyen est 6 sur 8

Statistiques - réponses

QuestionsRéponses% Correct
Le plus célèbre mardi de l'histoire de France est celui de la prise de la ________ le 14 juillet 1789.Bastille
94%
Le Mardi _____ est une fête populaire d'origine religieuse qui se place à la veille du carême, période de préparation à Pâques pour les chrétiens.Gras
94%
Le nom mardi vient du latin Martis dies ce qui signifie « jour de _____ »Mars
78%
Traditionnellement le mardi est considéré comme le _______ jour de la semaine.Troisième
75%
Le ______ Tuesday (littéralement super mardi) désigne un mardi du début du mois de mars de l'année d'une élection présidentielle. C'est le jour où le plus grand nombre d'États des États-Unis votent simultanément pour choisir les candidats à l'élection présidentielle.Super
74%
Tous les quatre ans, le mardi qui suit le premier lundi de _________, se tient l’élection présidentielle aux États-Unis.Novembre
65%
« Mardi en huit » signifie « mardi ________ ».Prochain
62%
Le mardi est considéré comme le deuxième jour de la semaine par la numérotation ISO de ____ (année).1988
32%

Distribution des résultats

Percentile par nombre de réponses

% des personnes avec chaque résultat

Votre développement - résultats

Vous n’avez pas pris ce quiz